000 01032nam a2200229Ia 4500
999 _c37526
_d37526
001 3490
003 GE_BSU
005 20190528193023.0
008 181216s1968|||| |||||||||||||| ||geo||
040 _cGE_BSU
041 _ageo
080 _a54(076.5) გ-44
100 _aგვარამაძე, დ.
_91766
245 _aზოგადი ქიმიის ლაბორატორიული პრაქტიკუმი /
_cდ. გვარამაძე ; რედ : მ. გორგაძე.
250 _aმეოთხე გადამუშავ. გამოცემა.
264 _aთბილისი :
_bგანათლება,
_c1968.
300 _a280 გვ .:
_cილ. და ცხრილ. ;
_b22 სმ.
653 _aზოგადი ქიმია
653 _aზოგადი ქიმიის ლაბორატორიული პრაქტიკუმი
700 _aგორგაძე, მ
_eრედაქტორი
_91777
942 _cBK
_2udc